| 000 | 01001naa a22002897a 4500 | ||
|---|---|---|---|
| 001 | BR7703017 | ||
| 003 | BR-BrBNA | ||
| 005 | 20240918173948.0 | ||
| 007 | ta | ||
| 008 | 230509b bl.||||| |||| 00| 0 por d | ||
| 040 |
_aBR-BrBNA _bpor _cBiblioteca Nacional de Agricultura |
||
| 041 | _a(Pt) | ||
| 072 |
_aQ10 _b1740 _b3520 |
||
| 090 | _aQ10 BR7703017 | ||
| 100 | 1 | _aMachado, P.L. | |
| 111 | 1 |
_a2. Seminario Nacional de Armazenagem _cBrasilia, DF (Brazil) _d25 Oct 1976 |
|
| 245 | 1 | _aArmazenamento de bulbos de cebola [Allium cepa] | |
| 260 | 3 |
_aBrasilia, DF (Brasil): _c1977. |
|
| 500 | _aAnais do 2. Seminario Nacional de Armazenagem Brasilia, DF (Brasil): 1977. v. 2 p. 7-23 (BR7703017-AM)Q10 | ||
| 650 | _aTecnologia de alimento | ||
| 650 | _aCebola | ||
| 650 | _aArmazenamento | ||
| 650 | _aBulbo | ||
| 773 | 0 |
_tAnais do 2. Seminario Nacional de Armazenagem _wQ10 BR7703017 _gBrasilia, DF (Brasil), 1977. v. 2 p. 7-23 |
|
| 909 |
_a202404 _bLucia _c55 _dLucia Elande |
||
| 942 |
_cAM _2AGRIS |
||
| 999 |
_c307993 _d307993 |
||